LIBRARY & INFORMATION CENTRE, KCAET, TAVANUR

ONLINE PUBLIC ACCESS CATALOGUE (OPAC)

Text book of applied mechanics Part l,ll,lll / (Record no. 10950)

MARC details
000 -LEADER
fixed length control field 00568cam a2200229ua 4500
041 ## - LANGUAGE CODE
Language code of text/sound track or separate title eng
082 ## - DEWEY DECIMAL CLASSIFICATION NUMBER
Classification number 620.1
Item number RAM/TE
100 ## - MAIN ENTRY--AUTHOR NAME
Personal name Ramamrutham, S.
245 ## - TITLE STATEMENT
Title Text book of applied mechanics Part l,ll,lll /
250 ## - EDITION STATEMENT
Edition statement 5 /
260 ## - PUBLICATION, DISTRIBUTION, ETC. (IMPRINT)
Place of publication Delhi :
Name of publisher Dhanpath Rai and sons ,
Year of publication 1994.
300 ## - PHYSICAL DESCRIPTION
Number of Pages 872 ; .
500 ## - GENERAL NOTE
General note *CSS
700 1# - ADDED ENTRY--PERSONAL NAME
Personal name Narayanan, R .
942 ## - ADDED ENTRY ELEMENTS (KOHA)
Koha item type Books
Holdings
Withdrawn status Lost status Damaged status Home library Current library Shelving location Date acquired Full call number Accession Number Koha item type
      KAUAET KAUAET Scheme 31/08/2018 620.1 RAM/TE 18458 Books
      KAUAET KAUAET Scheme 31/08/2018 620.1 RAM/TE 19125 Books
      KAUAET KAUAET Scheme 31/08/2018 620.1 RAM/TE 18479 Books
free website counter